000 00800nam a22002537a 4500
001 51312
003 UA-OsUOA
005 20230817122527.0
007 ta
008 20140901b un ||||| |||| 00| 0 ukr d
040 _aUA-OsUOA
_bukr
_cUA-OsUOA
_dUA-OsUOA
041 _aukr
080 _a82-94
090 _a82-94
_bП37
100 _aПласконіс В.
245 _aЗ рідного села в широкий світ
_bспогади
_cВ. Пласконіс
260 _aСент Кетерінс
_c1975
300 _a256 с.; іл. с.
650 7 _a82 Література. Літературознавство
_2UDC
942 _cBK
_2udc
955 _a4
999 _c431438
_d431438